| 000 | 00496nam a2200193Ia 4500 | ||
|---|---|---|---|
| 008 | 170918s9999 xx 000 0 und d | ||
| 020 | _a9780439598033 | ||
| 050 | _bS527 2003 | ||
| 100 | _aShakespeare, William | ||
| 245 | _aHamlet / | ||
| 245 | _cWilliam Shakespeare ; adapted by Neil Novelli and Kathleen Forrest. | ||
| 260 | _aNew York : | ||
| 260 | _bScholastic, | ||
| 260 | _c2003 | ||
| 300 | _a54 pages : | ||
| 300 | _bcolored illustration ; | ||
| 300 | _c19cm. | ||
| 500 | _a420 | ||
| 999 |
_c341507 _d341507 |
||